| 000 | 00785nam a2200241 a 4500 | ||
|---|---|---|---|
| 001 | 1123 | ||
| 005 | 20140414131953.0 | ||
| 008 | 041021s19uu xx 00 eng d | ||
| 020 | _a0-88309-978-0 | ||
| 050 |
_aTR 415 _bR61 1991 |
||
| 100 | _aRodgers, Molly | ||
| 245 |
_aThinking skills, bk. D / _cMolly Rodgers & Linda Zimmer. |
||
| 260 |
_aColumbus, Ohio : _bEssential Learning Products, _c1991. |
||
| 300 | _a96 p. ; cm. | ||
| 440 | _aEssential Learning Products | ||
| 500 | _aContents: Concluding, Translating, Findind Causes: Naming--Matching--Sorting--Ordering--Connecting--Predicting--Relating. | ||
| 650 |
_aGrammar _xJuvenile literature. |
||
| 650 |
_aLanguages _xJuvenile literature. |
||
| 999 |
_c112860 _d112860 |
||